=LDR 00000nam 2200000 4500 =001 INLIS000000000032622 =005 20130612134624 =008 ***********************************ind** =035 ##$$a0010-061300000032622 =041 ##$$a ind =082 ##$$a 959.8 =090 ##$$a 959.8, Pam s =100 ##$$a PAMBUDI, A =245 ##$$a Supersemar Palsu Kesaksian Tiga Jendral, A.Pambudi =260 ##$$a 2009 $b Yogyakarta =300 ##$$a 320 hlm, 18 cm =650 ##$$a Sejarah Indonesia =850 ##$$a NBPNMAT =990 ##$$a 21400613/BPAP-NTB/20142014